Алиса в Стране Чудес | Алиса в Зазеркалье (Запись № 4570906)
[ простой вид ]
| 000 -МАРКЕР | |
|---|---|
| контрольное поле | 01569nam0a2200301 i 4500 |
| 001 - ИДЕНТИФИКАТОР ЗАПИСИ | |
| контрольное поле | RU\NLR\bibl\2048405 |
| 005 - ИДЕНТИФИКАТОР ВЕРСИИ | |
| контрольное поле | 20260406164236.0 |
| 010 ## - МЕЖДУНАРОДНЫЙ СТАНДАРТНЫЙ НОМЕР КНИГИ (ISBN) | |
| Номер (ISBN) | 9785170777143 |
| 010 ## - МЕЖДУНАРОДНЫЙ СТАНДАРТНЫЙ НОМЕР КНИГИ (ISBN) | |
| Номер (ISBN) | 978-5-271-46187-3 |
| Тираж | 2000 |
| 021 ## - НОМЕР ГОСУДАРСТВЕННОЙ РЕГИСТРАЦИИ | |
| Код страны | Российская Федерация |
| Номер | 2013-42471 |
| Номер Листа государственной регистраци | 2937 |
| 035 ## - ДРУГИЕ СИСТЕМНЫЕ НОМЕРА | |
| Идентификатор записи | (NLR Aleph) 002035511 |
| 100 ## - ДАННЫЕ ОБЩЕЙ ОБРАБОТКИ | |
| Данные общей обработки | 20130628d2013 cd y0rusy50 ca |
| 101 2# - ЯЗЫК РЕСУРСА | |
| Язык текста, звукозаписи и т.д. | русский |
| 102 ## - СТРАНА ПУБЛИКАЦИИ ИЛИ ПРОИЗВОДСТВА | |
| Страна публикации | Российская Федерация |
| 105 ## - ПОЛЕ КОДИРОВАННЫХ ДАННЫХ: ТЕКСТОВЫЕ МАТЕРИАЛЫ, МОНОГРАФИЧЕСКИЕ | |
| Кодированные данные о монографическом текстовом документе | a ||||||||| |
| 200 1# - ЗАГЛАВИЕ И СВЕДЕНИЯ ОБ ОТВЕТСТВЕННОСТИ | |
| Основное заглавие | Алиса в Стране Чудес |
| -- | Алиса в Зазеркалье |
| Сведения, относящиеся к заглавию | [для младшего и среднего школьного возраста] |
| Первые сведения об ответственности | Льюис Кэрролл |
| Последующие сведения об ответственности | [пересказ 1-го произведения Бориса Заходера |
| -- | пер. 2-го произведения Л. Яхнина] |
| -- | худож. И. Олейников, Дж. Тенниел |
| 210 ## - ПУБЛИКАЦИЯ, РАСПРОСТРАНЕНИЕ И ДР. | |
| Место издания, распространения и т.д. | Москва |
| Имя издателя, распространителя и т. д. | Планета детства [и др.] |
| Дата издания, распространения и т.д. | 2013 |
| 215 ## - ФИЗИЧЕСКАЯ ХАРАКТЕРИСТИКА | |
| Специфическое обозначение материала и объем | 444, [3] с. |
| Другие сведения о физической характеристике | ил. |
| Размеры | 21 |
| 700 #1 - ИМЯ ЛИЦА - ПЕРВИЧНАЯ ОТВЕТСТВЕННОСТЬ | |
| Код отношения | Автор |
| Графика поля | Кириллица |
| Материалы, к которым относится поле | rus |
| Начальный элемент ввода | Кэрролл |
| Часть имени, кроме начального элемента ввода | Л. |
| Даты | 1832-1898 |
| Расширение инициалов личного имени | Льюис |
| Идентификатор авторитетной/нормативной записи | RU\NLR\auth\7710596 |
| Системный номер авторитетной/нормативной записи | 120364 |
| 702 #1 - ИМЯ ЛИЦА - ВТОРИЧНАЯ ОТВЕТСТВЕННОСТЬ | |
| Код отношения | Прочие |
| Материалы, к которым относится поле | rus |
| Графика поля | Кириллица |
| Начальный элемент ввода | Заходер |
| Часть имени, кроме начального элемента ввода | Б. В. |
| Даты | 1918-2000 |
| Расширение инициалов личного имени | Борис Владимирович |
| Идентификатор авторитетной/нормативной записи | RU\NLR\auth\776188 |
| Системный номер авторитетной/нормативной записи | 116143 |
| 702 #1 - ИМЯ ЛИЦА - ВТОРИЧНАЯ ОТВЕТСТВЕННОСТЬ | |
| Код отношения | Карикатурист, Художник |
| Начальный элемент ввода | Олейников |
| Часть имени, кроме начального элемента ввода | И.Ю. |
| Даты | 1953- |
| Расширение инициалов личного имени | Игорь Юльевич |
| Идентификатор авторитетной/нормативной записи | RU\NLR\auth\7779206 |
| Системный номер авторитетной/нормативной записи | 62134 |
| 702 #1 - ИМЯ ЛИЦА - ВТОРИЧНАЯ ОТВЕТСТВЕННОСТЬ | |
| Код отношения | Карикатурист, Художник |
| Материалы, к которым относится поле | rus |
| Графика поля | Кириллица |
| Начальный элемент ввода | Тенниел |
| Часть имени, кроме начального элемента ввода | Д. |
| Дополнения к именам, кроме дат | художник |
| Даты | 1820-1914 |
| Расширение инициалов личного имени | Джон |
| Идентификатор авторитетной/нормативной записи | RU\NLR\auth\7794524 |
| Системный номер авторитетной/нормативной записи | 77450 |
| 801 #0 - ИСТОЧНИК ЗАПИСИ | |
| Страна | Российская Федерация |
| Организация | NLR |
| Дата составления | 20130628 |
| Правила каталогизации | RCR |
| 801 #1 - ИСТОЧНИК ЗАПИСИ | |
| Страна | Российская Федерация |
| Организация | NLR |
| Дата составления | 20130628 |
| 942 ## - ДОПОЛНИТЕЛЬНЫЕ ЭЛЕМЕНТЫ ЗАПИСИ (АБИС) | |
| Тип экземпляра АБИС | Книга |
| 980 ## - КОЛЛЕКЦИЯ | |
| Название коллекции | НБР |
Нет доступных экземпляров.